نور مصطفے کی جہلکیان (Record no. 542351)

000 -LEADER
fixed length control field 00452nam a22001577a 4500
082 ## - DEWEY DECIMAL CLASSIFICATION NUMBER
Classification number 297.63
Author Mark KHA
-- l-39,P-29
100 ## - MAIN ENTRY--PERSONAL NAME
Personal name Khatab,Mehmood Sheeyet
9 (RLIN) 37481
110 ## - MAIN ENTRY--CORPORATE NAME
Corporate name or jurisdiction name as entry element Khatab,Mehmood Sheeyet
9 (RLIN) 37482
245 ## - TITLE STATEMENT
Title نور مصطفے کی جہلکیان
Statement of responsibility, etc. Khatab,Mehmood Sheeyet
250 ## - EDITION STATEMENT
Edition statement 1st
260 ## - PUBLICATION, DISTRIBUTION, ETC.
Place of publication, distribution, etc. Rawalpindi.:
Name of publisher, distributor, etc. Hira book depot
300 ## - PHYSICAL DESCRIPTION
Extent 139p.
526 ## - STUDY PROGRAM INFORMATION NOTE
Program name 0
Interest level 0
Reading level 0
Title point value 297_630000000000000_KHA
650 ## - SUBJECT ADDED ENTRY--TOPICAL TERM
Topical term or geographic name entry element MCE
9 (RLIN) 379
942 ## - ADDED ENTRY ELEMENTS (KOHA)
Source of classification or shelving scheme
Koha item type Book
Holdings
Withdrawn status Lost status Source of classification or shelving scheme Damaged status Not for loan Permanent Location Current Location Date acquired Total Checkouts Total Renewals Full call number Barcode Date last seen Date last checked out Price effective from Koha item type
          Military College of Engineering (MCE) Military College of Engineering (MCE) 11/07/2013 2 1 297.63 KHA MCE-41153 07/16/2019 04/30/2019 03/14/2021 Book
© 2023 Central Library, National University of Sciences and Technology. All Rights Reserved.